000 00241nam a2200097Ia 4500
008 230508s2003 xx 000 0 und d
041 _aeng
100 _aM.KAUFMANN
245 _aTHE PROTECTIVE GEAR H.B.
260 _bSIR ISAAC PITMAN & S
_c2003
999 _c740191
_d740191